| 000 | 00561nam a2200181Ia 4500 | ||
|---|---|---|---|
| 008 | 151202s9999||||xx |||||||||||||| ||und|| | ||
| 082 | _bPNVM-62604 | ||
| 100 | _aवर्टी अ.वा. | ||
| 245 | _aपुनर्जन्म. | ||
| 260 | _b"दाणेकर सुर्यकांत ,औरंगाबाद." | ||
| 260 | _c62603 | ||
| 300 | _a149 | ||
| 600 | _aवर्टी अ.वा. | ||
| 630 | _aपुनर्जन्म. | ||
| 700 | _aवर्टी अ.वा. | ||
| 730 | _aपुनर्जन्म. | ||
| 942 | _cBOOK | ||
| 999 |
_c1329138 _d1329135 |
||